La ley y el delito : (Record no. 11055)

000 -CABECERA
fixed length control field 00909nam a22002177a 4500
003 - IDENTIFICADOR DEL NÚMERO DE CONTROL
control field AR-CdUCM
008 - DATOS DE LONGITUD FIJA--INFORMACIÓN GENERAL
fixed length control field 190402b ||||| |||| 00| 0 spa d
040 ## - FUENTE DE LA CATALOGACIÓN
Agencia/entidad que catalogó originalmente la obra MUNICIPALIDAD PROVINCIAL DEL CUSCO
Entidad que transcribió la catalogación BIBLIOTECA MUNICIPAL DEL CUSCO
082 ## - NÚMERO DE LA CLASIFICACIÓN DECIMAL DEWEY
No. de Clasificación 344 /
Notacion interna J53 / 1945
100 ## - ENTRADA PRINCIPAL--NOMBRE DE PERSONA
Nombre Personal Jiménez de Asúa, Luis,
245 ## - MENCIÓN DE TÍTULO
Título La ley y el delito :
Resto del título principios de derecho penal /
260 ## - PUBLICACIÓN, DISTRIBUCIÓN, ETC.
Lugar de publicación, distribución, etc. Caracas :
Nombre de la editorial, distribuidor, etc. Andres Bello,
Fecha de publicación, distribución, etc. 1945..
300 ## - DESCRIPCIÓN FÍSICA
Nº de Páginas Extensión 717 paginas ;
Dimensiones 22 cm.
505 ## - NOTA DE CONTENIDO CON FORMATO
Nota de contenido formateada Contenido : Concepto del derecho penal -- Derecho publico -- Contenido, método y sistema -- Evolución histórica -- Orígenes del derecho penal liberal -- Fundamentos del derecho de penar-escuela clásica -- La escuela positiva...
650 ## - PUNTO DE ACCESO ADICIONAL DE MATERIA--TÉRMINO DE MATERIA
Descriptor Delitos
9 (RLIN) 12134
650 ## - PUNTO DE ACCESO ADICIONAL DE MATERIA--TÉRMINO DE MATERIA
Descriptor Derecho procesal
9 (RLIN) 8073
650 ## - PUNTO DE ACCESO ADICIONAL DE MATERIA--TÉRMINO DE MATERIA
Descriptor Derecho penal autoritario
9 (RLIN) 28189
650 ## - PUNTO DE ACCESO ADICIONAL DE MATERIA--TÉRMINO DE MATERIA
Descriptor Sistema jurídico
9 (RLIN) 4295
942 ## - ELEMENTOS DE PUNTO DE ACCESO ADICIONAL (KOHA)
Fuente de clasificación
Tipo de item Libros-BMC
945 ## - PROCESAMIENTO DE INFORMACIÓN LOCAL (OCLC)
Catalogador wnts
Holdings
Estado de retiro (separado) Fuente de clasificación o esquema de estanterías Estado dañado Ubicación Sala donde se ubica Nombre de la colección Fecha de adquisición o compra Costo, precio normal en soles Signatura topográfica Código de Barras Última vez visto (Koha) Tipo de ítem (Koha)
No     Sala Cusco Antiguo Sala Cusco Antiguo Book Cart 2019-04-02 80.00 344 / J53 / 1945 SCA0001024 2019-04-02 Libros-BMC

Powered by Koha